Normal view
MARC view
- Wasi,Nausheen
Entry Personal Name
001 - CONTROL NUMBER
- control field: 133323
003 - CONTROL NUMBER IDENTIFIER
- control field: NUST
005 - DATE AND TIME OF LATEST TRANSACTION
- control field: 20260217164156.0
008 - FIXED-LENGTH DATA ELEMENTS
- fixed length control field: 260217|| aca||aabn | a|a d
040 ## - CATALOGING SOURCE
- Original cataloging agency: NUST
- Transcribing agency: NUST
100 ## - HEADING--PERSONAL NAME
- Personal name: Wasi,Nausheen
670 ## - SOURCE DATA FOUND
- Source citation: Work cat.: (NUST): Baqai,Huma 133321, Pakistan-Afghanistan Relations: , 2022.
